[Event "Mittelrhein Regionalliga 18/19"]
[Site "Nordrheinwestfalen"]
[Date "2019.01.20"]
[Round "6.1"]
[White "Coenen, Norbert"]
[Black "Kojic, Tigran"]
[Result "1-0"]
[WhiteElo "2232"]
[BlackElo "2354"]
[PlyCount "77"]
[EventDate "2018.10.28"]
[EventType "team-tourn"]
[EventRounds "11"]
[EventCountry "GER"]
[SourceTitle "EXT 2022"]
[Source "ChessBase"]
[SourceDate "2021.10.06"]
[SourceVersion "1"]
[SourceVersionDate "2021.10.06"]
[SourceQuality "1"]
[WhiteTeam "Aachen SV II"]
[BlackTeam "Alsdorf SVG"]
[WhiteTeamCountry "GER"]
[BlackTeamCountry "GER"]

1. e4 d6 2. d4 Nf6 3. Nc3 g6 4. Be3 Bg7 5. h3 0-0 6. Nf3 a6 7. Bd3 b5 8. a4 b4 9. Ne2 Bb7 10. Ng3 Nbd7 11. c3 bxc3 12. bxc3 c5 13. 0-0 c4 14. Bc2 Qc7 15. Qe2 a5 16. Nd2 Ba6 17. f4 Rab8 18. Nf3 Rb2 19. f5 d5 20. e5 Ne4 21. Nxe4 dxe4 22. Ng5 Nxe5 23. dxe5 Bxe5 24. Nxe4 Qc6 25. Bh6 Rd8 26. fxg6 Qxg6 27. Bc1 Rxc2 28. Qxc2 Bb7 29. Re1 Rd3 30. Qe2 Rxh3 31. Bg5 Rh2 32. Rab1 Bxe4 33. Qxe4 Qxg5 34. Rb5 Qh6 35. Rxe5 Rh1+ 36. Kf2 Qd2+ 37. Re2 Qc1 38. Rxe7 Rh6 39. Qe5 1-0

[Event "Mittelrhein Regionalliga 18/19"]
[Site "Nordrheinwestfalen"]
[Date "2018.09.30"]
[Round "2.1"]
[White "Kojic, Tigran"]
[Black "Loifenfeld, Jakov"]
[Result "1/2-1/2"]
[WhiteElo "2354"]
[BlackElo "2410"]
[PlyCount "87"]
[EventDate "2018.10.28"]
[EventType "team-tourn"]
[EventRounds "11"]
[EventCountry "GER"]
[SourceTitle "EXT 2022"]
[Source "ChessBase"]
[SourceDate "2021.10.06"]
[SourceVersion "1"]
[SourceVersionDate "2021.10.06"]
[SourceQuality "1"]
[WhiteTeam "Alsdorf SVG"]
[BlackTeam "Bruehl"]
[WhiteTeamCountry "GER"]
[BlackTeamCountry "GER"]

1. d4 Nf6 2. c4 g6 3. Nc3 Bg7 4. g3 0-0 5. Bg2 d6 6. Nf3 c6 7. 0-0 Bf5 8. Re1 Ne4 9. Nh4 Nxc3 10. bxc3 Be6 11. Qd3 Nd7 12. Nf3 Nb6 13. Nd2 d5 14. c5 Nd7 15. e4 b6 16. exd5 Bxd5 17. Bxd5 cxd5 18. cxb6 axb6 19. Nf3 e6 20. Bf4 Qc8 21. Reb1 Qa6 22. Qe3 Qc4 23. Ne5 Bxe5 24. dxe5 Ra3 25. Bh6 Rfa8 26. Qg5 Qxc3 27. Re1 Rxa2 28. Rxa2 Qxe1+ 29. Kg2 Qe4+ 30. Kh3 Rc8 31. Qe7 Nxe5 32. Qc7 Re8 33. Qe7 Rc8 34. Qc7 Qf5+ 35. Kg2 Qe4+ 36. Kh3 Rf8 37. Qe7 Qg4+ 38. Kg2 Qf3+ 39. Kg1 Qd1+ 40. Kg2 Qf3+ 41. Kg1 Rc8 42. Qc7 Qd1+ 43. Kg2 Qf3+ 44. Kg1 1/2-1/2

[Event "BIH-chT1"]
[Site "Bosanska Krupa"]
[Date "2018.08.28"]
[Round "5"]
[White "Kojic, Tigran"]
[Black "Avdic, Mirza"]
[Result "0-1"]
[WhiteElo "2340"]
[BlackElo "2205"]
[PlyCount "82"]
[EventDate "2018.08.25"]
[EventType "tourn"]
[EventRounds "9"]
[EventCountry "BIH"]
[SourceTitle "CBM 186 Extra"]
[Source "ChessBase"]
[SourceDate "2018.08.24"]
[SourceVersion "1"]
[SourceVersionDate "2018.08.24"]
[SourceQuality "1"]

1. d4 d6 2. Nf3 Bg4 3. c4 c6 4. Nc3 Nd7 5. g3 e5 6. Bg2 Ngf6 7. 0-0 Be7 8. h3 Bh5 9. Nh4 0-0 10. Nf5 Bg6 11. Nxe7+ Qxe7 12. dxe5 dxe5 13. Qb3 Rfb8 14. Be3 Bf5 15. Nb1 Be4 16. Nd2 Bxg2 17. Kxg2 Qe6 18. Rac1 Ne8 19. Rfd1 Nf8 20. a4 c5 21. Ne4 b6 22. Rd5 Nc7 23. Rd6 Qe7 24. Rcd1 Nce6 25. R6d5 f5 26. Nd6 f4 27. Bc1 Nd4 28. Qd3 Ng6 29. e3 Ne6 30. exf4 exf4 31. Re1 Qf6 32. Ne4 Qf7 33. Rd7 Rd8 34. Rxf7 Rxd3 35. Rb7 Nd4 36. Nc3 fxg3 37. fxg3 Nf5 38. Ne4 Nxg3 39. Nxg3 Nh4+ 40. Kh1 Rxg3 41. Re3 Nf3 0-1

[Event "BIH-chT1"]
[Site "Bosanska Krupa"]
[Date "2018.08.27"]
[Round "4"]
[White "Hadzovic, Amir"]
[Black "Kojic, Tigran"]
[Result "1/2-1/2"]
[WhiteElo "2245"]
[BlackElo "2340"]
[PlyCount "53"]
[EventDate "2018.08.25"]
[EventType "tourn"]
[EventRounds "9"]
[EventCountry "BIH"]
[SourceTitle "CBM 186 Extra"]
[Source "ChessBase"]
[SourceDate "2018.08.24"]
[SourceVersion "1"]
[SourceVersionDate "2018.08.24"]
[SourceQuality "1"]

1. e4 d6 2. Nc3 Nf6 3. f4 g6 4. Nf3 Bg7 5. Bc4 0-0 6. d3 c6 7. Bb3 b5 8. 0-0 a5 9. a4 b4 10. Ne2 Na6 11. e5 Nd5 12. d4 Nac7 13. c4 bxc3 14. bxc3 Rb8 15. Bc2 f5 16. Bd3 Ne6 17. Bd2 Qc7 18. Rb1 Bd7 19. Qc2 Qa7 20. Qa2 Rxb1 21. Rxb1 Rb8 22. h3 Rxb1+ 23. Qxb1 c5 24. Qb3 Qa8 25. Bb5 Bxb5 26. Qxb5 Ndc7 27. Qd7 1/2-1/2

[Event "BIH-chT 17th"]
[Site "Jahorina"]
[Date "2018.06.10"]
[Round "9.3"]
[White "Dizdarevic, Emir"]
[Black "Kojic, Tigran"]
[Result "1/2-1/2"]
[WhiteElo "2459"]
[BlackElo "2344"]
[PlyCount "97"]
[EventDate "2018.06.02"]
[EventType "team-tourn"]
[EventRounds "9"]
[EventCountry "BIH"]
[SourceTitle "CBM 184 Extra"]
[Source "ChessBase"]
[SourceDate "2018.06.28"]
[SourceVersion "1"]
[SourceVersionDate "2018.06.28"]
[SourceQuality "1"]
[WhiteTeam "Sarajevo Napredak"]
[BlackTeam "Zenica Celik"]
[WhiteTeamCountry "BIH"]
[BlackTeamCountry "BIH"]

1. c4 e6 2. Nf3 d5 3. g3 Nf6 4. Bg2 Be7 5. 0-0 0-0 6. b3 d4 7. e3 c5 8. exd4 cxd4 9. Ne5 Nfd7 10. Nxd7 Nxd7 11. d3 e5 12. Ba3 Re8 13. Bxe7 Qxe7 14. Nd2 Nc5 15. Ne4 Nxe4 16. Bxe4 a5 17. a3 g6 18. Re1 Be6 19. Bg2 Bf5 20. Qd2 Qd7 21. Bd5 Kg7 22. f4 f6 23. fxe5 fxe5 24. Re2 Rab8 25. Be4 b6 26. Bxf5 Qxf5 27. Rf1 Qe6 28. b4 axb4 29. axb4 Qd6 30. Qg5 h6 31. Qg4 Rf8 32. Qe4 Rxf1+ 33. Kxf1 Re8 34. b5 Re7 35. Kg2 h5 36. h3 Qe6 37. g4 hxg4 38. hxg4 Re8 39. Kg3 Qe7 40. Rf2 Rh8 41. Rh2 Rxh2 42. Kxh2 Qg5 43. Kg3 Kh6 44. Qh1+ Kg7 45. Qf3 Qc1 46. Kh3 Qh6+ 47. Kg3 Qc1 48. Kf2 Qd2+ 49. Kg3 1/2-1/2

[Event "Mittelrhein Verbandsliga-W 17/18"]
[Site "Nordrheinwestfalen"]
[Date "2018.02.04"]
[Round "7.2"]
[White "Kojic, Tigran"]
[Black "Singh, Marcel"]
[Result "1-0"]
[WhiteElo "2348"]
[BlackElo "1822"]
[PlyCount "113"]
[EventDate "2017.09.10"]
[EventType "team-tourn"]
[EventRounds "11"]
[EventCountry "GER"]
[SourceTitle "EXT 2022"]
[Source "ChessBase"]
[SourceDate "2021.10.06"]
[SourceVersion "1"]
[SourceVersionDate "2021.10.06"]
[SourceQuality "1"]
[WhiteTeam "Alsdorf SVG"]
[BlackTeam "Eschweiler SC"]
[WhiteTeamCountry "GER"]
[BlackTeamCountry "GER"]

1. d4 Nf6 2. c4 e6 3. Nf3 d5 4. Nc3 dxc4 5. e3 a6 6. a4 c5 7. Bxc4 Nc6 8. 0-0 Be7 9. Qe2 0-0 10. Rd1 Qc7 11. e4 Nxd4 12. Nxd4 cxd4 13. Rxd4 e5 14. Rd1 Bg4 15. f3 Bh5 16. Be3 Bc5 17. Ba2 Qb6 18. Bxc5 Qxc5+ 19. Qf2 Qb4 20. Nd5 Nxd5 21. Bxd5 Rac8 22. Qd2 Qb6+ 23. Kh1 h6 24. Rdc1 Rfd8 25. b4 Kf8 26. b5 Rxc1+ 27. Rxc1 axb5 28. Qb4+ Qd6 29. Qxb5 Qa3 30. Qc5+ Qxc5 31. Rxc5 Ra8 32. a5 Ra7 33. Kg1 f6 34. Kf2 Bf7 35. Ke3 Bxd5 36. Rxd5 Ra6 37. Rb5 Ke8 38. Rxb7 Rxa5 39. Rxg7 Ra3+ 40. Kf2 Kf8 41. Rg6 Kf7 42. Rxh6 Kg7 43. Rh5 Kg6 44. Rh8 Kg7 45. Rb8 Kg6 46. Rb2 Rc3 47. Kg3 Rc8 48. Kg4 Rg8 49. f4 exf4 50. Kxf4 Rh8 51. g3 Ra8 52. Rb7 Ra1 53. h4 Rf1+ 54. Kg4 Re1 55. Re7 Rh1 56. h5+ Kh6 57. Rf7 1-0

[Event "BIH-chT 15th"]
[Site "Bihac"]
[Date "2016.07.18"]
[Round "3.2"]
[White "Lazic, Miroljub"]
[Black "Kojic, Tigran"]
[Result "1-0"]
[WhiteElo "2476"]
[BlackElo "2355"]
[PlyCount "93"]
[EventDate "2016.07.16"]
[EventType "team-tourn"]
[EventRounds "9"]
[EventCountry "BIH"]
[SourceTitle "CBM 173 Extra"]
[Source "ChessBase"]
[SourceDate "2016.08.29"]
[SourceVersion "1"]
[SourceVersionDate "2016.08.29"]
[SourceQuality "1"]
[WhiteTeam "Srbac"]
[BlackTeam "Zenica"]
[WhiteTeamCountry "BIH"]
[BlackTeamCountry "BIH"]

1. e4 e5 2. Bc4 Nc6 3. Nf3 Bc5 4. c3 Nf6 5. d3 d6 6. 0-0 0-0 7. Bb3 h6 8. Nbd2 Bg4 9. h3 Bh5 10. Re1 Re8 11. Nf1 Nd7 12. Ng3 Bg6 13. Nh2 Qh4 14. Qf3 Ne7 15. Ng4 c6 16. Ne3 Rad8 17. Bd2 d5 18. Rad1 Nf6 19. Nef5 Bxf5 20. Nxf5 Nxf5 21. Qxf5 dxe4 22. dxe4 Rd3 23. Bc1 Rxd1 24. Bxd1 Rd8 25. Bc2 Qh5 26. Qxh5 Nxh5 27. Kf1 Kf8 28. g3 b5 29. Kg2 Rd6 30. Bd1 Nf6 31. Bc2 Nh5 32. Rf1 g5 33. Bd1 Nf6 34. Bc2 Nh5 35. Kf3 Kg7 36. Ke2 a5 37. Bd2 Rd8 38. a4 Bb6 39. axb5 cxb5 40. Bd3 Rb8 41. Ra1 Nf6 42. Ra3 Rd8 43. Be3 b4 44. cxb4 axb4 45. Ra6 Bd4 46. b3 Rd7 47. Bd2 1-0

[Event "BIH-chT 15th"]
[Site "Bihac"]
[Date "2016.07.17"]
[Round "2.4"]
[White "Kojic, Tigran"]
[Black "Brkic, Ante"]
[Result "0-1"]
[WhiteElo "2355"]
[BlackElo "2585"]
[PlyCount "78"]
[EventDate "2016.07.16"]
[EventType "team-tourn"]
[EventRounds "9"]
[EventCountry "BIH"]
[SourceTitle "CBM 173 Extra"]
[Source "ChessBase"]
[SourceDate "2016.08.29"]
[SourceVersion "1"]
[SourceVersionDate "2016.08.29"]
[SourceQuality "1"]
[WhiteTeam "Zenica"]
[BlackTeam "Siroki Brijeg"]
[WhiteTeamCountry "BIH"]
[BlackTeamCountry "BIH"]

1. d4 Nf6 2. c4 e6 3. Nf3 d5 4. cxd5 exd5 5. Bg5 h6 6. Bh4 c6 7. e3 Bf5 8. Nc3 Nbd7 9. Bd3 Bxd3 10. Qxd3 Be7 11. 0-0 0-0 12. Ne5 Nxe5 13. dxe5 Nd7 14. Bg3 f6 15. exf6 Bxf6 16. Rad1 Qe7 17. Ne2 Rfe8 18. Nd4 Nc5 19. Qg6 Qf7 20. Qc2 Ne4 21. b4 a5 22. a3 axb4 23. axb4 Ra3 24. Qb2 Rc3 25. Bf4 Rc4 26. f3 Nc3 27. Rd3 Bxd4 28. Rxd4 Rxd4 29. Qxc3 Rc4 30. Qb3 d4 31. e4 Rc3 32. Qxf7+ Kxf7 33. Rd1 Rc4 34. Bd6 Rd8 35. Bc5 d3 36. Kf2 Rc2+ 37. Kg3 Re2 38. h4 d2 39. Bf2 Rd3 0-1

[Event "Zenica op"]
[Site "Zenica"]
[Date "2013.09.05"]
[Round "1"]
[White "Kadusic, Jasmin"]
[Black "Kojic, Tigran"]
[Result "0-1"]
[WhiteElo "1950"]
[BlackElo "2316"]
[PlyCount "117"]
[EventDate "2013.09.05"]
[EventType "swiss"]
[EventRounds "7"]
[EventCountry "BIH"]
[SourceTitle "CBM 156 Extra"]
[Source "ChessBase"]
[SourceDate "2013.10.22"]
[SourceVersion "1"]
[SourceVersionDate "2013.10.22"]
[SourceQuality "1"]

1. e4 e5 2. Nf3 Nc6 3. Bb5 a6 4. Ba4 Nf6 5. d3 b5 6. Bb3 Be7 7. 0-0 d6 8. h3 0-0 9. a4 b4 10. Nbd2 Be6 11. Re1 Bxb3 12. Nxb3 d5 13. exd5 Qxd5 14. Bg5 Rfe8 15. Nbd2 Rad8 16. Bxf6 Bxf6 17. Ne4 Be7 18. b3 f5 19. Ng3 g6 20. Qe2 Bf6 21. Rad1 Kg7 22. Kh1 a5 23. Kg1 Re7 24. Qf1 Rde8 25. Ne2 Qc5 26. Rc1 e4 27. d4 exf3 28. dxc5 fxe2 29. Rxe2 Rxe2 30. Qd1 Re1+ 31. Qxe1 Rxe1+ 32. Rxe1 Kf7 33. f4 Nd4 34. Rd1 Ke6 35. Rd2 Kd5 36. Kf2 Kxc5 37. g3 Kd5 38. Ke3 c5 39. Kd3 h5 40. h4 Nf3 41. Rd1 Bd4 42. Rf1 Nh2 43. Re1 Bf2 44. Re5+ Kd6 45. Kc4 Ng4 46. Re8 Bxg3 47. Rg8 Bxf4 48. Rxg6+ Ke5 49. Kxc5 Be3+ 50. Kb5 f4 51. Rg5+ Ke4 52. Rg7 f3 53. Rf7 Bf4 54. Rd7 f2 55. Rd1 Ne3 56. Rh1 Kd5 57. Kxa5 Kc5 58. c4 bxc3 59. b4+ 0-1

[Event "BIH-chT1A"]
[Site "Neum"]
[Date "2012.08.30"]
[Round "8.2"]
[White "Mestrovic, Zvonimir"]
[Black "Kojic, Tigran"]
[Result "1/2-1/2"]
[WhiteElo "2319"]
[BlackElo "2322"]
[PlyCount "29"]
[EventDate "2012.08.25"]
[EventType "team-tourn"]
[EventRounds "9"]
[EventCountry "BIH"]
[SourceTitle "CBM 150 Extra"]
[Source "ChessBase"]
[SourceDate "2012.10.19"]
[SourceVersion "1"]
[SourceVersionDate "2012.10.19"]
[SourceQuality "1"]

1. Nc3 d6 2. d4 g6 3. e4 Nf6 4. Be2 Bg7 5. h4 c5 6. e5 dxe5 7. dxe5 Qxd1+ 8. Bxd1 Ng4 9. f4 0-0 10. Ne4 Na6 11. c3 h5 12. Nf3 Be6 13. 0-0 Rfd8 14. Re1 b6 15. Neg5 1/2-1/2

[Event "BIH-chT1A"]
[Site "Neum"]
[Date "2012.08.28"]
[Round "6.3"]
[White "Mrndjic, Muamer"]
[Black "Kojic, Tigran"]
[Result "1/2-1/2"]
[WhiteElo "2282"]
[BlackElo "2322"]
[PlyCount "29"]
[EventDate "2012.08.25"]
[EventType "team-tourn"]
[EventRounds "9"]
[EventCountry "BIH"]
[SourceTitle "CBM 150 Extra"]
[Source "ChessBase"]
[SourceDate "2012.10.19"]
[SourceVersion "1"]
[SourceVersionDate "2012.10.19"]
[SourceQuality "1"]

1. d4 d5 2. Nf3 Nf6 3. c4 dxc4 4. e3 e6 5. Bxc4 c5 6. 0-0 Nc6 7. a3 a6 8. dxc5 Qxd1 9. Rxd1 Bxc5 10. b4 Be7 11. Bb2 0-0 12. Nbd2 b5 13. Ba2 Bb7 14. Rac1 Rfd8 15. Nb3 1/2-1/2

[Event "Zenica 15th"]
[Site "Zenica"]
[Date "2011.11.18"]
[Round "8"]
[White "Radlovacki, Jovan"]
[Black "Kojic, Tigran"]
[Result "1-0"]
[WhiteElo "2429"]
[BlackElo "2289"]
[PlyCount "57"]
[EventDate "2011.11.13"]
[EventType "tourn"]
[EventRounds "9"]
[EventCountry "BIH"]
[EventCategory "5"]
[SourceTitle "EXT 2012"]
[Source "ChessBase"]
[SourceDate "2011.11.24"]
[SourceVersion "1"]
[SourceVersionDate "2011.11.24"]
[SourceQuality "1"]

1. e4 e5 2. Nf3 Nc6 3. Bb5 a6 4. Ba4 Nf6 5. d3 b5 6. Bb3 Bc5 7. 0-0 d6 8. c3 0-0 9. Bg5 h6 10. Bh4 g5 11. Nxg5 hxg5 12. Bxg5 Kg7 13. Qf3 Rh8 14. Bd5 Bd7 15. b4 Bb6 16. a4 Rb8 17. axb5 axb5 18. Na3 Qe7 19. Nc2 Nd8 20. Ne3 c6 21. Bb3 Kg6 22. Qg3 Rh5 23. h4 Be6 24. Bd1 Rxg5 25. Qxg5+ Kh7 26. Bg4 Ng8 27. Bf5+ Bxf5 28. Qh5+ Nh6 29. Qxh6+ 1-0

[Event "Zenica 15th"]
[Site "Zenica"]
[Date "2011.11.16"]
[Round "5"]
[White "Martinovic, Slobodan"]
[Black "Kojic, Tigran"]
[Result "1/2-1/2"]
[WhiteElo "2433"]
[BlackElo "2289"]
[PlyCount "99"]
[EventDate "2011.11.13"]
[EventType "tourn"]
[EventRounds "9"]
[EventCountry "BIH"]
[EventCategory "5"]
[SourceTitle "EXT 2012"]
[Source "ChessBase"]
[SourceDate "2011.11.24"]
[SourceVersion "1"]
[SourceVersionDate "2011.11.24"]
[SourceQuality "1"]

1. Nf3 f5 2. d3 Nf6 3. Bg5 e6 4. e4 Be7 5. Nc3 0-0 6. e5 Nd5 7. Bxe7 Qxe7 8. Qd2 Nc6 9. Nxd5 exd5 10. d4 d6 11. 0-0-0 dxe5 12. Nxe5 Nxe5 13. Re1 f4 14. Rxe5 Qd6 15. Bd3 Bd7 16. g3 c6 17. Rh5 g6 18. Re5 Qf6 19. Rhe1 Rae8 20. h4 fxg3 21. fxg3 Rxe5 22. Rxe5 Bg4 23. b3 Kg7 24. Qe3 Rf7 25. Qg5 Qxg5+ 26. Rxg5 Bf3 27. Re5 Kf6 28. Kd2 h6 29. Ke3 Bd1 30. c4 dxc4 31. bxc4 Rd7 32. Re8 Kf7 33. Ra8 a6 34. c5 Bg4 35. Bc4+ Be6 36. Bxe6+ Kxe6 37. Rh8 h5 38. Ke4 Kf6 39. Rf8+ Ke7 40. Rb8 Kf6 41. Rf8+ Ke7 42. Rf3 Ke6 43. a4 Rg7 44. Rf8 g5 45. Rh8 gxh4 46. Rh6+ Kd7 47. gxh4 Rg4+ 48. Ke5 Rxh4 49. Rh7+ Kc8 50. a5 1/2-1/2

[Event "Zenica 15th"]
[Site "Zenica"]
[Date "2011.11.13"]
[Round "1"]
[White "Dizdarevic, Emir"]
[Black "Kojic, Tigran"]
[Result "0-1"]
[WhiteElo "2485"]
[BlackElo "2289"]
[PlyCount "72"]
[EventDate "2011.11.13"]
[EventType "tourn"]
[EventRounds "9"]
[EventCountry "BIH"]
[EventCategory "5"]
[SourceTitle "EXT 2012"]
[Source "ChessBase"]
[SourceDate "2011.11.24"]
[SourceVersion "1"]
[SourceVersionDate "2011.11.24"]
[SourceQuality "1"]

1. Nf3 d5 2. g3 c6 3. Bg2 Bg4 4. c4 e6 5. Ne5 Bh5 6. cxd5 exd5 7. d4 Nd7 8. Nd3 Ngf6 9. Nc3 Qb6 10. Nf4 Bg6 11. 0-0 Bd6 12. Nxg6 hxg6 13. Rb1 a5 14. e4 Nxe4 15. Bxe4 dxe4 16. Nxe4 Be7 17. d5 0-0-0 18. Be3 Qb4 19. dxc6 Ne5 20. cxb7+ Kxb7 21. Qe2 Rd3 22. f3 f5 23. Nf2 Rd5 24. Rfd1 Rhd8 25. Rxd5 Rxd5 26. Rd1 Rxd1+ 27. Qxd1 Qb5 28. Kg2 Qc6 29. Bd4 Nc4 30. b3 Na3 31. Bxg7 Nc2 32. Qe2 Bg5 33. Nd1 Nb4 34. Bd4 Bd8 35. a3 Nc2 36. Qd3 Ne1+ 0-1

[Event "BIH CFFBH-chT1"]
[Site "Cazin"]
[Date "2009.07.02"]
[Round "8"]
[White "Kojic, Tigran"]
[Black "Miskic, Sejfudin"]
[Result "1/2-1/2"]
[WhiteElo "2243"]
[BlackElo "2141"]
[PlyCount "38"]
[EventDate "2009.06.27"]
[EventType "team-tourn"]
[EventRounds "9"]
[EventCountry "BIH"]
[SourceTitle "EXT 2019"]
[Source "ChessBase"]
[SourceDate "2018.10.10"]
[SourceVersion "1"]
[SourceVersionDate "2018.10.10"]
[SourceQuality "1"]

1. d4 d5 2. c4 e6 3. Nc3 Nf6 4. Bg5 Nbd7 5. cxd5 exd5 6. Nf3 c6 7. e3 Qa5 8. Nd2 Bd6 9. Bd3 0-0 10. 0-0 Re8 11. Qc2 h6 12. Bh4 Qc7 13. Nf3 Ng4 14. Bg3 Bxg3 15. hxg3 Ndf6 16. b4 a6 17. a4 Bd7 18. Rac1 Rac8 19. Qb3 Qd6 1/2-1/2